000 nam a22 7a 4500
999 _c9383
_d9383
008 180129b ||||| |||| 00| 0 eng d
100 _aWestwood,P.
_95614
245 _aWhat teachers need to know about Numeracy
260 _aAUSTRALIA
_bACER
_c2008